Conte Marcuse Edizione lingua spagnola

में बचाया:
ग्रंथसूची विवरण
मुख्य लेखक: Libero Malavoglia
स्वरूप: पुस्तक
भाषा:अज्ञात या अवैध भाषा
प्रकाशित: Editora Progresso
टैग: टैग जोड़ें
कोई टैग नहीं, इस रिकॉर्ड को टैग करने वाले पहले व्यक्ति बनें!

MARC

LEADER 00000nam a2200000Ia 4500
001 R-740
003 CODICE-MESSINA
005 20260212102456.0
008 260211s9999 xx 000 0 und d
040 |c importazione_messina 
100 |a Libero Malavoglia 
245 0 |a Conte Marcuse 
245 0 |b Edizione lingua spagnola 
260 |b Editora Progresso 
942 |2 ddc  |c BK 
952 |0 0  |1 0  |2 ddc  |4 0  |6 SCAFFALE_7_000000000000000__ROMANZI  |7 0  |9 31567  |a ME  |b ME  |d 2026-02-11  |l 0  |o SCAFFALE 7 - ROMANZI  |p R-740  |r 2026-02-11 23:52:38  |w 2026-02-11  |x [REVISIONARE]  |y BK 
999 |c 27232  |d 27232